كيف تصنعين المخللات و المربيات و تجمدين الفواكهه و الخضروات عبر الفصول / (Record no. 16178)
[ view plain ]
| 000 -LEADER | |
|---|---|
| fixed length control field | 00613nam a22001817a 4500 |
| 005 - DATE AND TIME OF LATEST TRANSACTION | |
| control field | 20251108164850.0 |
| 008 - FIXED-LENGTH DATA ELEMENTS--GENERAL INFORMATION | |
| fixed length control field | 250721s1996 xx 000 0 ara d |
| 082 14 - DEWEY DECIMAL CLASSIFICATION NUMBER | |
| Classification number | 641.4/حمي |
| 100 1# - MAIN ENTRY--PERSONAL NAME | |
| Personal name | المنشئ، حميد صادق |
| 245 10 - TITLE STATEMENT | |
| Title | كيف تصنعين المخللات و المربيات و تجمدين الفواكهه و الخضروات عبر الفصول / |
| 264 1# - PRODUCTION, PUBLICATION, DISTRIBUTION, MANUFACTURE, AND COPYRIGHT NOTICE | |
| Place of production, publication, distribution, manufacture | عمان : |
| Name of producer, publisher, distributor, manufacturer | دار الإسراء، |
| Date of production, publication, distribution, manufacture, or copyright notice | 1996. |
| 300 ## - PHYSICAL DESCRIPTION | |
| Extent | 72ص |
| 650 17 - SUBJECT ADDED ENTRY--TOPICAL TERM | |
| Topical term or geographic name as entry element | الأغذية |
| 650 17 - SUBJECT ADDED ENTRY--TOPICAL TERM | |
| Topical term or geographic name as entry element | حفظ الأغذية |
| 700 1# - ADDED ENTRY--PERSONAL NAME | |
| Personal name | عبد الكريم، سعد رسول |
| 942 ## - ADDED ENTRY ELEMENTS (KOHA) | |
| Source of classification or shelving scheme | Dewey Decimal Classification |
| Koha item type | Books |
| حالة السحب | حالة الفقدان | مصدر التصنيف | حالة التلف | غير قابل للإعارة | المكتبة الرئيسية | المكتبة الحالية | موقع الرف | تاريخ التزويد | الرقم المتسلسل | Total Checkouts | رقم الإستدعاء | الباركود | تاريخ آخر ظهور | تاريخ الفاتورة | نوع المادة (كوها) |
|---|---|---|---|---|---|---|---|---|---|---|---|---|---|---|---|
| Dewey Decimal Classification | مكتبة النصر العامة | مكتبة النصر العامة | الإعارة | 20/03/2015 | [ 8469 ] | 641.4/حمي | PLD00378300 | 28/07/2025 | 20/03/2015 | Books | |||||
| Dewey Decimal Classification | مكتبة صويلح العامة | مكتبة صويلح العامة | الإعارة | 12/06/2019 | [12587]... | 641.4/حمي | PLD00454062 | 28/07/2025 | 12/06/2019 | Books |